[Event "NSV Open-ch Rapid 2019"]
[Site "Lueneburg"]
[Date "2019.08.03"]
[Round "1.9"]
[White "Kahlert, Thomas"]
[Black "Harnack, Bernhard"]
[Result "1-0"]
[WhiteElo "2152"]
[BlackElo "1712"]
[Annotator "TA"]
[PlyCount "59"]
[EventDate "2019.08.03"]
[EventType "swiss"]
[EventCountry "GER"]
[SourceTitle "playchess.com"]
[Source "ChessBase"]
[SourceQuality "1"]

{[%evp 17,59,80,132,57,131,96,121,108,129,125,281,296,318,290,307,289,431,319,320,319,325,255,310,299,294,288,308,317,298,279,380,322,332,295,608,359,922,902,1067,1036,29997,29998,29998,29999]} 1. Nf3 Nf6 2. c4 e6 3. Nc3 Bb4 4. d4 O-O 5. e3 Ne4 6. Qc2 f5 7. Bd3 d5 8. O-O Bxc3 9. bxc3 Nd7 (9... Nc6 $142) 10. Nd2 {E34: Nimzo-Indian: Classical: 4...d5} (10. cxd5 $16 exd5 11. c4) (10. Ba3 Rf6 11. cxd5 exd5 12. c4 c6 13. Ne5 Rh6 14. cxd5 cxd5 15. f3 Qh4 16. fxe4 Qxh2+ 17. Kf2 Nxe5 18. dxe5 {1-0 (54) Smirnova,A (2111)-Tsvetkova,V (1668) Moscow 2017}) 10... Qh4 $146 (10... Nb6 $14) ({Predecessor:} 10... Ndf6 11. f3 Nxd2 12. Bxd2 Kh8 13. e4 dxc4 14. Bxc4 c5 15. Be3 Qc7 16. exf5 exf5 17. Rac1 Bd7 {½-½ (33) Galicek,S (1960)-Wenke,J (1895) Most 1999}) 11. f3 Nd6 12. Ba3 {White is better.} Rf6 13. c5 Rh6 $2 (13... Nf7 $16) 14. cxd6 $18 Qxh2+ 15. Kf2 Rg6 {[#]} 16. Rg1 $1 Qh4+ (16... cxd6 {was called for.} 17. Nf1 Qh4+ 18. g3 Qe7) 17. Ke2 Qh2 18. Kf1 Nf6 19. Re1 Nh5 20. Ke2 Rxg2+ 21. Rxg2 Qxg2+ 22. Kd1 cxd6 23. Bxd6 a6 24. Bf1 Qg6 25. c4 b5 $2 (25... Bd7 26. Kc1 Rc8) 26. cxd5 {Qc6 is the strong threat.} exd5 $2 (26... Bb7 27. dxe6 Qxe6) 27. Qc6 {[%mdl 64] [#] Double Attack} Rb8 28. Qc7 {Qd8+ would kill now.} Ra8 29. Qd8+ Kf7 30. Qf8+ {Accuracy: White = 53%, Black = 25%.} 1-0

[Event "NSV Open-ch Rapid 2019"]
[Site "Lueneburg"]
[Date "2019.08.03"]
[Round "1.10"]
[White "Dralle, Hannes"]
[Black "Voege, Tobias"]
[Result "0-1"]
[WhiteElo "1732"]
[BlackElo "2303"]
[Annotator "ChessBase"]
[PlyCount "78"]
[EventDate "2019.08.03"]
[EventType "swiss"]
[EventCountry "GER"]
[SourceTitle "playchess.com"]
[Source "ChessBase"]
[SourceQuality "1"]
[TimeControl "600+5"]

1. e4 {[%emt 0:00:00]} c5 {[%emt 0:00:00]} 2. Nf3 {[%emt 0:00:00]} Nc6 {[%emt 0:00:00]} 3. d4 {[%emt 0:00:00]} cxd4 {[%emt 0:00:00]} 4. Nxd4 {[%emt 0:00:01]} g6 {[%emt 0:00:00]} 5. c4 {[%emt 0:00:05]} Bg7 {[%emt 0:00:00]} 6. Be3 {[%emt 0:00:01]} Nf6 {[%emt 0:00:01]} 7. Nc3 {[%emt 0:00:24]} O-O {[%emt 0:00:04]} 8. Be2 {[%emt 0:00:12]} d6 {[%emt 0:00:01]} 9. f3 {[%emt 0:00:15]} Nxd4 {[%emt 0:00:03]} 10. Bxd4 {[%emt 0:00:02]} a5 {[%emt 0:00:01]} 11. O-O {[%emt 0:00:13]} Bd7 {[%emt 0:00:02]} 12. Qd2 {[%emt 0:00:27]} Bc6 {[%emt 0:00:02]} 13. Nd5 {[%emt 0:00:27]} Nd7 {[%emt 0:00:11]} 14. Bxg7 {[%emt 0:00:08]} Kxg7 {[%emt 0:00:01]} 15. Qd4+ {[%emt 0:00:21]} Kg8 {[%emt 0:00:05]} 16. Rae1 {[%emt 0:00:40]} Bxd5 {[%emt 0:00:22]} 17. exd5 {[%emt 0:00:13]} Qb6 {[%emt 0:00:03]} 18. Qxb6 {[%emt 0:00:16]} Nxb6 {[%emt 0:00:02]} 19. Bd3 {[%emt 0:00:18]} Rfe8 {[%emt 0:00:13]} 20. Re2 {[%emt 0:00:05]} Kf8 {[%emt 0:00:15]} 21. f4 {[%emt 0:00:30]} Nd7 {[%emt 0:01:09]} 22. g4 {[%emt 0:00:27]} Rac8 {[%emt 0:00:40]} 23. h4 {[%emt 0:00:34]} Rc7 {[%emt 0:00:25]} 24. b3 {[%emt 0:00:28]} a4 {[%emt 0:00:27]} 25. h5 {[%emt 0:01:02]} axb3 {[%emt 0:00:25]} 26. axb3 {[%emt 0:00:01]} Nf6 {[%emt 0:00:59]} 27. hxg6 {[%emt 0:00:27]} hxg6 {[%emt 0:00:08]} 28. f5 {[%emt 0:00:37]} g5 {[%emt 0:00:16]} 29. Rg2 {[%emt 0:00:12]} Ra8 {[%emt 0:00:12]} 30. Kh2 {[%emt 0:00:19]} Ra3 {[%emt 0:00:24]} 31. Rb1 {[%emt 0:00:20]} Kg7 {[%emt 0:00:21]} 32. Kg3 {[%emt 0:00:02]} b5 {[%emt 0:00:21]} 33. Rc2 {[%emt 0:00:43]} bxc4 {[%emt 0:00:16]} 34. Rxc4 {[%emt 0:00:15]} Rb7 {[%emt 0:00:18]} 35. Rd4 {[%emt 0:01:04]} Rbxb3 {[%emt 0:00:15]} 36. Rxb3 {[%emt 0:00:01]} Rxb3 {[%emt 0:00:01]} 37. Kf2 {[%emt 0:00:08]} Nxg4+ {[%emt 0:00:14]} 38. Rxg4 {[%emt 0:00:05]} Rxd3 {[%emt 0:00:01]} 39. Rxg5+ {[%emt 0:00:02]} Kf6 {[%emt 0:00:01]} 0-1

[Event "NSV Open-ch Rapid 2019"]
[Site "Lueneburg"]
[Date "2019.08.03"]
[Round "1.11"]
[White "Ramme, Christoph"]
[Black "Bargsten, Justus"]
[Result "0-1"]
[WhiteElo "2154"]
[BlackElo "1946"]
[Annotator "ChessBase"]
[PlyCount "104"]
[EventDate "2019.08.03"]
[EventType "swiss"]
[EventCountry "GER"]
[SourceTitle "playchess.com"]
[Source "ChessBase"]
[SourceQuality "1"]
[TimeControl "600+5"]

1. e4 {[%emt 0:00:00]} c5 {[%emt 0:00:00]} 2. Nf3 {[%emt 0:00:00]} Nc6 {[%emt 0:00:00]} 3. d4 {[%emt 0:00:00]} cxd4 {[%emt 0:00:00]} 4. Nxd4 {[%emt 0:00:00]} Nf6 {[%emt 0:00:00]} 5. Nc3 {[%emt 0:00:00]} e5 {[%emt 0:00:00]} 6. Ndb5 {[%emt 0:00:01]} d6 {[%emt 0:00:01]} 7. Nd5 {[%emt 0:00:02]} Nxd5 {[%emt 0:00:01]} 8. exd5 {[%emt 0:00:01]} Ne7 {[%emt 0:00:01]} 9. c4 {[%emt 0:00:10]} Ng6 {[%emt 0:00:01]} 10. Be2 {[%emt 0:00:16]} Be7 {[%emt 0:00:02]} 11. O-O {[%emt 0:00:08]} O-O {[%emt 0:00:03]} 12. a4 {[%emt 0:00:05]} f5 {[%emt 0:00:05]} 13. a5 {[%emt 0:00:04]} a6 {[%emt 0:00:13]} 14. Nc3 {[%emt 0:00:02]} f4 {[%emt 0:00:02]} 15. b4 {[%emt 0:00:15]} Bf5 {[%emt 0:00:25]} 16. f3 {[%emt 0:00:17]} Bf6 {[%emt 0:00:07]} 17. Ne4 {[%emt 0:00:13]} Rc8 {[%emt 0:00:26]} 18. Bd2 {[%emt 0:00:19]} b6 {[%emt 0:00:35]} 19. Be1 {[%emt 0:00:26]} bxa5 {[%emt 0:00:23]} 20. bxa5 {[%emt 0:00:03]} Qd7 {[%emt 0:01:49]} 21. Bf2 {[%emt 0:00:30]} Bd8 {[%emt 0:00:02]} 22. c5 {[%emt 0:00:43]} Bxe4 {[%emt 0:00:29]} 23. c6 {[%emt 0:00:14]} Rxc6 {[%emt 0:00:49]} 24. fxe4 {[%emt 0:00:15]} Rc7 {[%emt 0:00:36]} 25. Bxa6 {[%emt 0:00:20]} f3 {[%emt 0:00:31]} 26. gxf3 {[%emt 0:00:49]} Ra7 {[%emt 0:00:09]} 27. Qd3 {[%emt 0:00:42]} Nf4 {[%emt 0:00:02]} 28. Qd2 {[%emt 0:00:57]} Rxa6 {[%emt 0:00:04]} 29. Bg3 {[%emt 0:00:11]} Qa7+ {[%emt 0:00:18]} 30. Kh1 {[%emt 0:00:19]} Rxa5 {[%emt 0:00:05]} 31. Rxa5 {[%emt 0:00:08]} Qxa5 {[%emt 0:00:01]} 32. Bxf4 {[%emt 0:00:27]} Rxf4 {[%emt 0:00:03]} 33. Qb2 {[%emt 0:00:02]} Qb6 {[%emt 0:00:08]} 34. Qc1 {[%emt 0:00:13]} h5 {[%emt 0:00:44]} 35. Qc8 {[%emt 0:00:15]} Kh7 {[%emt 0:00:06]} 36. Qd7 {[%emt 0:00:13]} Qc7 {[%emt 0:00:32]} 37. Qh3 {[%emt 0:00:19]} h4 {[%emt 0:00:03]} 38. Rg1 {[%emt 0:00:08]} Bf6 {[%emt 0:00:03]} 39. Rf1 {[%emt 0:00:09]} Qc4 {[%emt 0:00:04]} 40. Kg2 {[%emt 0:00:11]} Bg5 {[%emt 0:00:32]} 41. Qe6 {[%emt 0:00:11]} Rf6 {[%emt 0:00:09]} 42. Qg4 {[%emt 0:00:02]} Rg6 {[%emt 0:00:10]} 43. Qh3 {[%emt 0:00:31]} Qe2+ {[%emt 0:00:10]} 44. Kh1 {[%emt 0:00:07]} Bf4 {[%emt 0:00:21]} 45. Rg1 {[%emt 0:00:29]} Rxg1+ {[%emt 0:00:05]} 46. Kxg1 {[%emt 0:00:02]} Qe1+ {[%emt 0:00:03]} 47. Kg2 {[%emt 0:00:01]} Qe2+ {[%emt 0:00:17]} 48. Kh1 {[%emt 0:00:03]} Qxh2+ {[%emt 0:00:16]} 49. Qxh2 {[%emt 0:00:02]} Bxh2 {[%emt 0:00:01]} 50. Kxh2 {[%emt 0:00:01]} Kh6 {[%emt 0:00:01]} 51. Kh3 {[%emt 0:00:14]} Kg5 {[%emt 0:00:01]} 52. Kg2 {[%emt 0:00:04]} Kf4 {[%emt 0:00:01]} 0-1

[Event "NSV Open-ch Rapid 2019"]
[Site "Lueneburg"]
[Date "2019.08.03"]
[Round "1.12"]
[White "Rothenberg, Nina"]
[Black "Reuker, Jari"]
[Result "0-1"]
[WhiteElo "1768"]
[BlackElo "2403"]
[Annotator "TA"]
[PlyCount "56"]
[EventDate "2019.08.03"]
[EventType "swiss"]
[EventCountry "GER"]
[SourceTitle "playchess.com"]
[Source "ChessBase"]
[SourceQuality "1"]

{[%evp 9,56,0,-7,-27,29,-3,12,12,22,9,18,8,18,8,14,5,5,0,12,12,24,0,3,-26,-24,-23,-18,-23,-22,-47,-41,-85,-54,-66,-36,-181,-123,-109,-95,-105,-106,-239,-139,-306,-306,-343,-329,-681,-200]} 1. e4 b6 2. Nc3 Bb7 3. g3 (3. f4 e6 4. Nf3 d5 5. Bb5+ c6 6. Be2 d4 7. Nb1 c5 8. d3 Nf6 9. O-O Be7 10. a4 Nc6 11. Na3 {1-0 (41) Mamedov,N (2602)-Ipatov,A (2590) Denizli 2013}) 3... e6 4. Bg2 Nf6 5. d3 d5 6. Bg5 {B00: Queen's Fianchetto Defence, Nimzowitsch Defence} Bb4 $146 (6... d4 $142 7. Nb1 Nbd7) ({Predecessor:} 6... Be7 7. exd5 Nxd5 8. Bxe7 Qxe7 9. Nxd5 Bxd5 10. Bxd5 exd5+ {½-½ (18) Ilic,S (2089)-Banjovic,S (2171) Belgrade 2011}) 7. exd5 (7. e5 $5 {[%cal Re5f6]} h6 8. Bd2 $14 (8. exf6 hxg5 9. fxg7 Rg8 $11)) 7... Bxd5 8. Nf3 {The position is equal.} h6 9. Bd2 Bb7 10. O-O O-O 11. a3 Be7 12. Re1 c5 13. Bf4 Nd5 14. Nxd5 Bxd5 15. Ne5 Bf6 16. Rb1 Bxg2 17. Kxg2 Bxe5 18. Bxe5 Nc6 {[%cal Bb8c6,Bc6d4,Bd4f5][%mdl 32]} 19. Bf4 Qd5+ 20. Kg1 Nd4 21. Re3 Rad8 22. Qg4 ({White must play} 22. Be5 $1 $15) 22... h5 (22... g5 $19 23. Be5 Nxc2) 23. Qd1 $17 f6 {aiming for ...e5.} 24. c3 Nf5 $36 {[%mdl 2048] Black is really pushing.} 25. Rf3 {[#]} (25. Re2 $17 {keeps fighting.}) 25... e5 (25... g5 $1 $19 {[%cal Rg5f4]} 26. Bc1 g4) 26. Bc1 $2 (26. Bd2 $17 {was called for.}) 26... e4 $19 27. Rf4 exd3 28. Qxh5 $2 (28. Bd2 Nd6 29. Rh4) 28... Rfe8 $2 {Accuracy: White = 18%, Black = 43%.} (28... Qa2 29. Qxf5 Qxb1 30. Qe6+ Rf7) 0-1

[Event "NSV Open-ch Rapid 2019"]
[Site "Lueneburg"]
[Date "2019.08.03"]
[Round "1.13"]
[White "Stork, Oliver"]
[Black "Kolhoff, Manfred"]
[Result "1-0"]
[WhiteElo "2322"]
[BlackElo "1616"]
[Annotator "ChessBase"]
[PlyCount "69"]
[EventDate "2019.08.03"]
[EventType "swiss"]
[EventCountry "GER"]
[SourceTitle "playchess.com"]
[Source "ChessBase"]
[SourceQuality "1"]
[TimeControl "600+5"]

1. d4 {[%emt 0:00:00]} d5 {[%emt 0:00:00]} 2. Bf4 {[%emt 0:00:00]} Nf6 {[%emt 0:00:03]} 3. e3 {[%emt 0:00:01]} Bf5 {[%emt 0:00:19]} 4. c4 {[%emt 0:00:03]} e6 {[%emt 0:00:05]} 5. Nc3 {[%emt 0:00:03]} Bb4 {[%emt 0:00:22]} 6. Qb3 {[%emt 0:00:18]} Bxc3+ {[%emt 0:00:05]} 7. bxc3 {[%emt 0:00:12]} b6 {[%emt 0:00:23]} 8. Nf3 {[%emt 0:00:16]} O-O {[%emt 0:00:01]} 9. h3 {[%emt 0:00:22]} Nbd7 {[%emt 0:00:10]} 10. Ne5 {[%emt 0:00:12]} c5 {[%emt 0:00:59]} 11. Be2 {[%emt 0:00:23]} Rc8 {[%emt 0:00:19]} 12. O-O {[%emt 0:00:28]} Ne4 {[%emt 0:00:19]} 13. Rfd1 {[%emt 0:00:58]} dxc4 {[%emt 0:00:06]} 14. Nxc4 {[%emt 0:00:20]} Qh4 {[%emt 0:00:57]} 15. Rf1 {[%emt 0:01:21]} a6 {[%emt 0:07:07]} 16. Qa3 {[%emt 0:01:44]} b5 {[%emt 0:00:00]} 17. Nd6 {[%emt 0:00:02]} Rc6 {[%emt 0:00:00]} 18. Nxe4 {[%emt 0:00:29]} Bxe4 {[%emt 0:00:00]} 19. Bg3 {[%emt 0:00:02]} Qg5 {[%emt 0:00:00]} 20. Kh2 {[%emt 0:00:43]} h5 {[%emt 0:00:00]} 21. h4 {[%emt 0:00:02]} Qg6 {[%emt 0:00:00]} 22. f3 {[%emt 0:00:14]} Bd5 {[%emt 0:00:00]} 23. e4 {[%emt 0:00:09]} Bc4 {[%emt 0:00:00]} 24. Bxc4 {[%emt 0:00:01]} bxc4 {[%emt 0:00:00]} 25. Qa4 {[%emt 0:00:05]} Rd6 {[%emt 0:00:00]} 26. Bxd6 {[%emt 0:00:02]} Rd8 {[%emt 0:00:00]} 27. Bc7 {[%emt 0:00:04]} Qf6 {[%emt 0:00:00]} 28. Bxd8 {[%emt 0:00:06]} Qxd8 {[%emt 0:00:00]} 29. g3 {[%emt 0:00:04]} cxd4 {[%emt 0:00:00]} 30. cxd4 {[%emt 0:00:02]} Qc7 {[%emt 0:00:00]} 31. Rac1 {[%emt 0:00:07]} a5 {[%emt 0:00:00]} 32. Qxc4 {[%emt 0:00:03]} Qd6 {[%emt 0:00:00]} 33. e5 {[%emt 0:00:32]} Qe7 {[%emt 0:00:00]} 34. Qc8+ {[%emt 0:00:05]} Kh7 {[%emt 0:00:00]} 35. Rc7 {[%emt 0:00:02]} 1-0

[Event "NSV Open-ch Rapid 2019"]
[Site "Lueneburg"]
[Date "2019.08.03"]
[Round "1.14"]
[White "Mundt, Alexandra"]
[Black "Marzik, Hans"]
[Result "0-1"]
[WhiteElo "1756"]
[BlackElo "2105"]
[Annotator "TA"]
[PlyCount "44"]
[EventDate "2019.08.03"]
[EventType "swiss"]
[EventCountry "GER"]
[SourceTitle "playchess.com"]
[Source "ChessBase"]
[SourceQuality "1"]

{[%evp 11,100,8,20,25,62,58,81,55,60,33,55,58,59,48,61,58,67,16,41,0,1,0,21,-142,-131,-227,-223,-220,-227,-234,-168,-214,-145,-128,-94,-94,-90,-125,-74,-200,-100,-227,-152,-210,-174,-247,-242,-630,-420,-739,-661,-882,-599,-1009,-749,-989,-980,-1583,-1435,-1254,-1068,-1050,-988,-5465,-1128,-1679,-1594,-1616,-1312,-1221,-1213,-29991,-29992,-29992,-29993,-29993,-29992,-29993,-29993,-29994,-29995,-29995,-29993,-29993,-29993,-29995,-29993,-29995,-29994,-29996,-29997]} 1. e4 c6 2. d4 d5 3. Nd2 {[%cal Bb1d2,Bd2e4,Be4g3][%mdl 32]} dxe4 4. Nxe4 Nf6 5. Ng3 h5 6. h4 Bg4 7. f3 {B15: Caro-Kann: 3 Nc3: 3...g6 and 3...dxe4 4 Nxe4 Nf6 5 Nxf6+ exf6} (7. Be2 Nbd7 8. Nf3 e6 9. Ng5 Qc7 10. N3e4 Bf5 11. Bd3 Nxe4 12. Bxe4 Bxe4 13. Nxe4 Qa5+ 14. c3 Qd5 15. Qf3 {1-0 (65) Csonka,A (2366)-Horvath,Z (2381) Hungary 2018}) 7... Bf5 {[%mdl 64] Decoy} 8. Nxf5 {Black must now prevent c3.} Qa5+ 9. Bd2 {White is better.} Qxf5 10. Bd3 Qd5 11. Ne2 e6 12. c4 $146 ({Predecessor:} 12. O-O Be7 13. c4 Qd8 14. Bg5 Nbd7 {1-0 (34) Ruprich,U (1960)-Abrines Sampol,L (1756) Calvia 2014}) 12... Qd7 13. Qb3 Be7 14. O-O-O (14. Rd1 $14) 14... a5 $1 $11 15. Qa4 Na6 16. Qxa5 O-O 17. Qb6 $2 (17. Qg5 $11) 17... Nc5 $1 $17 {[%cal Rc5d3]} 18. Bb1 {[#]} (18. Bg5 $17 Nxd3+ 19. Rxd3) 18... Ra6 $1 $19 {[%cal Ra6b6]} 19. dxc5 Rxb6 20. cxb6 Bc5 21. Rhe1 Bxb6 22. Bb4 Qc7 {Played: Qd7-e8} 0-1

[Event "NSV Open-ch Rapid 2019"]
[Site "Lueneburg"]
[Date "2019.08.03"]
[Round "1.16"]
[White "Martinez Martin, David"]
[Black "Daemmig, Matthias"]
[Result "0-1"]
[WhiteElo "2388"]
[BlackElo "2059"]
[Annotator "TA"]
[PlyCount "32"]
[EventDate "2019.08.03"]
[EventType "swiss"]
[EventCountry "GER"]
[SourceTitle "playchess.com"]
[Source "ChessBase"]
[SourceQuality "1"]

{[%evp 16,43,36,6,5,-16,-19,-10,160,-2,-6,-39,0,-588,-580,-1510,-1483,-1783,-1078,-29989,-29990,-29995,-29996,-29996,-29997,-29997,-29998,-29998,-29999,-29999]} 1. e4 c5 2. Nf3 Nf6 3. e5 Nd5 4. g3 e6 5. Bg2 Nc6 6. O-O d6 7. exd6 Bxd6 8. d4 O-O 9. c3 b6 {B22: Sicilian: 2 c3} 10. Nbd2 $146 ({Predecessor:} 10. c4 Nde7 11. Nc3 Bb7 12. dxc5 Bxc5 13. Ne4 Nf5 14. g4 Nfd4 15. Nxc5 bxc5 16. Nxd4 cxd4 17. b3 {½-½ (56) Antonio,R (2431)-Granda Zuniga,J (2650) Acqui Terme 2017}) 10... Ba6 11. c4 {Threatens to win with dxc5.} Ndb4 $2 {[#]} ({Black should try} 11... Nf6 $1 $11) 12. dxc5 $2 (12. a3 $1 $16) 12... Bxc5 $11 13. Qa4 {Hoping for a3.} Qc8 14. Ne5 $2 {[%mdl 8192]} (14. a3 $11 Nd3 15. Qc2 Nxc1 16. Raxc1) 14... Nxe5 $19 {[%cal Bc6e5,Be5f3,Bf3e1][%mdl 32]} 15. Bxa8 Qxa8 16. a3 Bb7 {Played: Ba6xc4} 0-1

[Event "NSV Open-ch Rapid 2019"]
[Site "Lueneburg"]
[Date "2019.08.03"]
[Round "1.17"]
[White "Fischer, Thomas"]
[Black "Serrer, David"]
[Result "1-0"]
[WhiteElo "2106"]
[BlackElo "1516"]
[Annotator "TA"]
[PlyCount "67"]
[EventDate "2019.08.03"]
[EventType "swiss"]
[EventCountry "GER"]
[SourceTitle "playchess.com"]
[Source "ChessBase"]
[SourceQuality "1"]

{[%evp 22,67,18,5,102,87,77,34,192,22,17,-13,0,0,0,1,27,-33,-30,-151,-145,-156,-147,-156,-152,-143,-138,-127,-108,-108,-105,-97,-64,-87,-67,-57,-25,-20,56,-20,-8,-37,-25,-129,-71,-181,936,920]} 1. e4 c5 2. c3 Nc6 3. d4 cxd4 4. cxd4 d5 5. exd5 Qxd5 6. Nf3 Bg4 7. Be2 e6 8. O-O Nf6 9. Nc3 Qd8 10. Be3 Be7 11. h3 Bh5 12. Qb3 Qd7 {B22: Sicilian: 2 c3} (12... O-O $11) (12... Rb8 13. Rfd1 Nd5 14. Nxd5 exd5 15. Bf4 Bd6 16. Qxd5 Bxf4 17. Qxh5 O-O 18. d5 Ne7 19. d6 Ng6 20. d7 Qf6 {1-0 (56) Potapov,P (2493)-Debashis,D (2472) Doha 2016}) 13. Rfd1 {[#] Strongly threatening d5.} Nd5 $146 ({Predecessor:} 13... O-O 14. d5 Na5 15. Qb5 Qxb5 16. Bxb5 Bxf3 17. gxf3 a6 18. Be2 exd5 19. Nxd5 Nxd5 20. Rxd5 {1-0 (77) Isik,B (1512)-Uregen,R (1690) Konya 2018}) 14. Rac1 {And now Nxd5 would win.} a6 $2 (14... Bxf3 $14 15. Bxf3 Nxe3 16. fxe3 O-O) 15. Ne4 $2 ({White should try} 15. Nxd5 $18 Qxd5 16. Qxb7) 15... O-O 16. Ng3 Bg6 {Threatens to win with ...Na5.} 17. Ne5 Nxe5 18. dxe5 Rfc8 19. Rxc8+ (19. Bc4 $11) 19... Rxc8 $15 20. Bf3 (20. Bg4 $1 $11 Rc6 21. Bf5) 20... Bc2 $36 {[%mdl 2112] [#] Double Attack. Black is in control.} 21. Rxd5 exd5 22. Qxd5 Qxd5 23. Bxd5 Rd8 24. Bxb7 Rd1+ 25. Kh2 Rb1 {[%mdl 1024] Black has strong compensation.} 26. Bd4 a5 27. f4 Re1 28. Bc3 Rd1 29. Bxa5 f6 (29... Ra1 $11) 30. e6 ({White should play} 30. Bf3 $14 Rd7 31. Bc6) 30... g6 31. a3 Bb3 32. Bc8 (32. Bc3 $11) 32... Rc1 (32... f5 $142 33. Ne2 Bc4) 33. Bd7 (33. Bc3 $17 {was worth a try.}) 33... Re1 $4 {[%mdl 8192]} (33... Rc2 $19 34. Ne4 Re2) 34. Bxe1 {Accuracy: White = 18%, Black = 31%.} 1-0

[Event "NSV Open-ch Rapid 2019"]
[Site "Lueneburg"]
[Date "2019.08.03"]
[Round "1.18"]
[White "Rick, Niklas Corvin"]
[Black "Schulz, Daniel"]
[Result "0-1"]
[WhiteElo "1444"]
[BlackElo "2071"]
[Annotator "NA"]
[PlyCount "47"]
[EventDate "2019.08.03"]
[EventType "swiss"]
[EventCountry "GER"]
[SourceTitle "playchess.com"]
[Source "ChessBase"]
[SourceQuality "1"]
[TimeControl "600+5"]

1. d4 {[%emt 0:00:00]} g6 {[%emt 0:00:00]} 2. c4 {[%emt 0:00:08]} Nf6 {[%emt 0:00:00]} 3. Nf3 {[%emt 0:00:24]} Bg7 {[%emt 0:00:00]} 4. Bg5 {[%emt 0:00:18]} Ne4 {[%emt 0:00:29]} 5. e3 {[%emt 0:00:56]} c5 {[%emt 0:00:18]} 6. Bf4 {[%emt 0:01:07]} cxd4 {[%emt 0:01:24]} 7. exd4 {[%emt 0:00:33]} Nc6 {[%emt 0:00:31]} 8. Be2 {[%emt 0:00:48]} Qa5+ {[%emt 0:00:33]} 9. Bd2 {[%emt 0:01:52]} Nxd2 {[%emt 0:00:20]} 10. Qxd2 {[%emt 0:00:10]} Qxd2+ {[%emt 0:00:03]} 11. Nbxd2 {[%emt 0:00:02]} Nxd4 {[%emt 0:00:03]} 12. O-O {[%emt 0:01:07]} Nxe2+ {[%emt 0:00:03]} 13. Kh1 {[%emt 0:00:07]} d6 {[%emt 0:00:17]} 14. Rfe1 {[%emt 0:00:57]} Nd4 {[%emt 0:00:11]} 15. Rad1 {[%emt 0:00:54]} Bg4 {[%emt 0:00:37]} 16. Re3 {[%emt 0:00:43]} Bf6 {[%emt 0:00:34]} 17. Rde1 {[%emt 0:00:19]} Nxf3 {[%emt 0:00:13]} 18. Nxf3 {[%emt 0:00:03]} Bxf3 {[%emt 0:00:02]} 19. Rxf3 {[%emt 0:00:02]} O-O {[%emt 0:00:08]} 20. b3 {[%emt 0:00:18]} Be5 {[%emt 0:00:05]} 21. c5 {[%emt 0:00:19]} f5 {[%emt 0:00:04]} 22. h4 {[%emt 0:00:24]} Rac8 {[%emt 0:00:03]} 23. Rc1 {[%emt 0:00:02]} Rc6 {[%emt 0:00:10]} 24. b4 {[%emt 0:00:00]} 0-1

[Event "NSV Open-ch Rapid 2019"]
[Site "Lueneburg"]
[Date "2019.08.03"]
[Round "1.19"]
[White "Reimers, Achim"]
[Black "Kueck, Alexander"]
[Result "1-0"]
[WhiteElo "1975"]
[BlackElo "1374"]
[Annotator "NA RC"]
[PlyCount "105"]
[EventDate "2019.08.03"]
[EventType "swiss"]
[EventCountry "GER"]
[SourceTitle "playchess.com"]
[Source "ChessBase"]
[SourceQuality "1"]
[TimeControl "600+5"]

1. d4 {[%emt 0:00:00]} d5 {[%emt 0:00:00]} 2. c3 {[%emt 0:00:01]} Nc6 {[%emt 0:00:01]} 3. e3 {[%emt 0:00:08]} e5 {[%emt 0:00:04]} 4. dxe5 {[%emt 0:00:09]} Nxe5 {[%emt 0:00:03]} 5. Nd2 {[%emt 0:00:19]} Bf5 {[%emt 0:00:20]} 6. Ndf3 {[%emt 0:00:24]} Ng6 {[%emt 0:00:28]} 7. Bd3 {[%emt 0:00:19]} Bxd3 {[%emt 0:00:42]} 8. Qxd3 {[%emt 0:00:03]} Nf6 {[%emt 0:00:06]} 9. Ne2 {[%emt 0:00:12]} Be7 {[%emt 0:00:11]} 10. O-O {[%emt 0:00:05]} O-O {[%emt 0:00:02]} 11. b3 {[%emt 0:00:14]} c5 {[%emt 0:00:06]} 12. Bb2 {[%emt 0:00:06]} Rc8 {[%emt 0:00:30]} 13. c4 {[%emt 0:00:19]} dxc4 {[%emt 0:00:24]} 14. Qxc4 {[%emt 0:00:10]} Qd7 {[%emt 0:00:21]} 15. Rfd1 {[%emt 0:00:20]} Qc6 {[%emt 0:00:14]} 16. h3 {[%emt 0:00:21]} b5 {[%emt 0:00:04]} 17. Qc2 {[%emt 0:00:17]} c4 {[%emt 0:00:27]} 18. bxc4 {[%emt 0:00:29]} Qxc4 {[%emt 0:00:14]} 19. Qxc4 {[%emt 0:00:45]} Rxc4 {[%emt 0:00:11]} 20. Ned4 {[%emt 0:00:43]} a6 {[%emt 0:00:28]} 21. Nf5 {[%emt 0:00:24]} Rc6 {[%emt 0:01:15]} 22. Ne5 {[%emt 0:00:59]} Nxe5 {[%emt 0:00:44]} 23. Nxe7+ {[%emt 0:00:09]} Kh8 {[%emt 0:00:12]} 24. Bxe5 {[%emt 0:00:49]} Re6 {[%emt 0:00:08]} 25. Bxf6 {[%emt 0:00:03]} gxf6 {[%emt 0:00:05]} 26. Nf5 {[%emt 0:00:04]} Re5 {[%emt 0:00:20]} 27. Nd4 {[%emt 0:00:26]} Rg5 {[%emt 0:00:33]} 28. Rac1 {[%emt 0:00:09]} Rfg8 {[%emt 0:00:12]} 29. g3 {[%emt 0:00:04]} h5 {[%emt 0:00:06]} 30. h4 {[%emt 0:00:04]} Rd5 {[%emt 0:00:25]} 31. Rc6 {[%emt 0:00:05]} Kg7 {[%emt 0:00:12]} 32. Rdc1 {[%emt 0:00:15]} Ra8 {[%emt 0:00:19]} 33. R1c5 {[%emt 0:00:11]} Rxc5 {[%emt 0:00:15]} 34. Rxc5 {[%emt 0:00:02]} Kg6 {[%emt 0:00:04]} 35. Kg2 {[%emt 0:00:13]} Ra7 {[%emt 0:00:14]} 36. Kf3 {[%emt 0:00:01]} Kh6 {[%emt 0:00:26]} 37. Ke2 {[%emt 0:00:04]} Kg6 {[%emt 0:00:01]} 38. Ke1 {[%emt 0:00:14]} Kh6 {[%emt 0:00:06]} 39. Ne2 {[%emt 0:00:02]} Ra8 {[%emt 0:00:19]} 40. Nf4 {[%emt 0:00:02]} Rd8 {[%emt 0:00:31]} 41. Nxh5 {[%emt 0:00:09]} Rd6 {[%emt 0:00:06]} 42. Nf4 {[%emt 0:00:07]} Kg7 {[%emt 0:00:07]} 43. Ke2 {[%emt 0:00:02]} Kf8 {[%emt 0:00:09]} 44. Ke1 {[%emt 0:00:05]} Kg7 {[%emt 0:00:05]} 45. Ne2 {[%emt 0:00:01]} Kh6 {[%emt 0:00:03]} 46. Nd4 {[%emt 0:00:02]} Kg6 {[%emt 0:00:03]} 47. Rc6 {[%emt 0:00:02]} Rxc6 {[%emt 0:00:16]} 48. Nxc6 {[%emt 0:00:02]} Kg7 {[%emt 0:00:02]} 49. Kd2 {[%emt 0:00:01]} Kf8 {[%emt 0:00:04]} 50. Kc3 {[%emt 0:03:55]} Ke8 {[%emt 0:00:06]} 51. Kb4 {[%emt 0:00:00]} Kd7 {[%emt 0:00:02]} 52. Nb8+ {[%emt 0:00:00]} Kd6 {[%emt 0:00:05]} 53. Nxa6 {[%emt 0:00:00]} 1-0